00488nam a2200205Ia 4500008004100000020001800041050001400059100002200073245003300095245002500128260001500153260001600168260000900184300001500193300002600208300001000234300002300244440000700267500000800274170918s9999 xx 000 0 und d a9780545103725 bS857 2003 aStilton, Geronimo 4aThe peculiar pumpkin thief / cby Geronimo Stilton. aNew York : bScholastic, c2003 a95 pages : bcolor illustrations ; c19cm. eGeronimo Stilton ; a42 a580